Organisació [sic.] sistemàtica d'un arxiu d'etnografia i folklore de Catalunya : 1a circular 1a circular
Descripción Física:
14 p. ; 19 cm
MARC
| LEADER | 00000nam a2200000Ia 4500 | ||
|---|---|---|---|
| 001 | 10277 | ||
| 003 | BGR | ||
| 005 | 20260410113654.0 | ||
| 008 | 160829s1915 xx 000 0 cat d | ||
| 080 | |a RF-1-57 | ||
| 100 | |a Carreras i Artau, Tomàs |9 30137 | ||
| 245 | |a Organisació [sic.] sistemàtica d'un arxiu d'etnografia i folklore de Catalunya : |b 1a circular | ||
| 260 | |a Girona : |b (Imp. Lit. Carreras), |c 1915 | ||
| 300 | |a 14 p. ; |c 19 cm | ||
| 590 | |a Abans del títol: Universitat de Barcelona. Ampliació d'estudis de la Càtedra d'Ètica (Facultat de Filosofia i Lletres) Professor, T. Carreras i Artau. | ||
| 590 | |a Hi ha un duplicat a: 3731, exp. 4. | ||
| 610 | 2 | 0 | |9 70404 |a Arxiu d'Etnografia i Folklore de Catalunya |
| 856 | 4 | |u https://media.diba.cat/diba/fitxers/arxiu/fulletons/bib_10277_baixa.pdf |y Accés lliure | |
| 856 | 4 | |u https://media.diba.cat/diba/fitxers/arxiu/fulletons/bib_10277_baixa.pdf |y Accés lliure | |
| 900 | |a bib_10277_baixa.pdf | ||
| 901 | |a Arxiu | ||
| 942 | |n 1 |2 udc |c MON | ||
| 952 | |0 0 |1 0 |4 0 |6 RF157 |7 1 |9 54163 |a Arxiu |b Arxiu |d 2016-12-01 |l 0 |o RF-1-57 |p 10277 |r 2016-12-01 00:00:00 |w 2016-12-01 |y ARXIU | ||
| 999 | |c 58032 |d 58032 | ||